El cine, su técnica y su historia

Salvato in:
Dettagli Bibliografici
Natura: Libro
Lingua:spagnolo
Pubblicazione: Barcelona Sopena 1984
Serie:Biblioteca Hispania
Soggetti:
Tags: Aggiungi Tag
Nessun Tag, puoi essere il primo ad aggiungerne!!

MARC

LEADER 00000nam a2200000 a 4500
001 UCW0328
003 CL-VaPUC
008 930324e19840000SP |||||||||||||||||spa|d
082 0 4 |a 791.43  |b CIN  |2 21 
245 1 3 |a El cine, su técnica y su historia 
300 |a 548 p 
942 |c BK 
945 |d 19930324 00:00:00 
260 |a Barcelona  |b Sopena  |c 1984 
650 0 |a Cine  |9 225706 
650 7 |a OBRAS DE DIVULGACION  |2 CL-VaPUC  |9 267840 
650 0 |a Historia  |9 255047 
583 |a last modification  |c 19930324 00:00:00  |k Rodrigo Vera 
490 0 |a Biblioteca Hispania 
999 |c 215535  |d 215533 
952 |0 0  |1 0  |4 0  |6 791_430000000000000_CIN_1984  |7 0  |8 R  |9 199876  |a BIBART  |b BIBART  |d 2019-11-14  |i 2671476  |l 1  |m 1  |o 791.43 CIN 1984  |p 2671476  |r 2025-03-13  |s 2024-09-03  |w 2019-11-14  |y BK_R  |k ART